[Event "USCL Miami vs Carolina"]
[Site "Chess.com"]
[Date "2013.08.27"]
[Round "1"]
[White "Jones, Craig"]
[Black "Yanovsky, Vlad"]
[Result "1-0"]
[WhiteElo "2251"]
[BlackElo "2130"]
[PlyCount "39"]
[EventDate "2013.??.??"]
[EventCountry "USA"]

{Board 4, NM Jones (Carolina Cobras) vs. Yanovsky (Miami Sharks)  Time Control:
Game in 75 with 30 second increment} 1. Nf3 c5 2. e3 Nf6 3. c4 d5 4. d4 b6 5.
cxd5 cxd4 6. Bb5+ Bd7 7. Bc4 dxe3 8. Bxe3 g6 9. Ne5 Bg7 10. d6 O-O 11. Qf3 Na6
12. Bxa6 b5 13. Nd2 exd6 14. Nxd7 Nxd7 15. Bxb5 Bxb2 16. Rb1 Bg7 17. Bxd7 Qxd7
18. O-O Qa4 19. Qd5 Rfe8 20. Rb7 1-0

[Event "USCL Miami vs Carolina"]
[Site "Chess.com"]
[Date "2013.08.27"]
[Round "1"]
[White "Quesada, Yuniesky"]
[Black "Schroer, Joanthan"]
[Result "1-0"]
[WhiteElo "2686"]
[BlackElo "2432"]
[PlyCount "59"]
[EventDate "2013.??.??"]
[EventCountry "USA"]

{Board 1, GM Quesada (Miami Sharks) vs IM Schroer (Carolina Cobras)  Time
Control: Game in 75 with 30 second increment} 1. e4 c5 2. Nf3 d6 3. d4 cxd4 4.
Nxd4 Nf6 5. Nc3 a6 6. Be3 e5 7. Nb3 Be6 8. h3 b5 9. g4 b4 10. Nd5 Bxd5 11. exd5
g6 12. g5 Nh5 13. Be2 Ng7 14. Qd2 Nf5 15. Qxb4 Nxe3 16. fxe3 Qxg5 17. Qb7 Qg3+
18. Kd1 Bh6 19. Qxa8 O-O 20. Qb7 a5 21. a4 Qxe3 22. Rf1 f5 23. c3 e4 24. Bb5
Qxh3 25. Kc2 e3 26. Rae1 f4 27. Nd4 f3 28. Rxf3 Rxf3 29. Nxf3 Qxf3 30. Qxb8+
1-0

[Event "USCL Miami vs Carolina"]
[Site "Chess.com"]
[Date "2013.08.27"]
[Round "1"]
[White "Mo, Kevin"]
[Black "Becerra, Julio"]
[Result "0-1"]
[WhiteElo "2337"]
[BlackElo "2619"]
[PlyCount "106"]
[EventDate "2013.??.??"]
[EventCountry "USA"]

{Board 2, NM Mo (Carolina Cobras) vs GM Becerra (Miami Sharks)  Time Control:
Game in 75 with 30 second increment} 1. e4 e5 2. Nf3 Nc6 3. Bb5 a6 4. Ba4 Nf6
5. O-O Be7 6. Re1 b5 7. Bb3 d6 8. c3 O-O 9. h3 Na5 10. Bc2 d5 11. d3 Nc6 12.
Nbd2 Bb7 13. Nf1 dxe4 14. dxe4 Qxd1 15. Rxd1 Rfd8 16. Rxd8+ Rxd8 17. Ng3 g6 18.
Bg5 Kg7 19. Rd1 Rxd1+ 20. Bxd1 Nd7 21. Bxe7 Nxe7 22. Bc2 Nc8 23. Kf1 Nd6 24. b3
f6 25. Ke2 Kf8 26. Nd2 c5 27. Ke3 Ke7 28. f3 a5 29. Bd3 Bc6 30. h4 Nb6 31. h5
b4 32. hxg6 hxg6 33. Ne2 Be8 34. g3 g5 35. g4 Bf7 36. c4 a4 37. Nf1 Ndxc4+ 38.
bxc4 Nxc4+ 39. Kf2 Na3 40. Nc1 c4 41. Be2 b3 42. axb3 axb3 43. Nd2 b2 44. Na2
b1=Q 45. Nxb1 Nxb1 46. Ke3 Kd6 47. Bd1 c3 48. Nb4 Bc4 49. Bc2 Nd2 50. Bd1 Kc5
51. Nc2 Bb3 52. Kd3 Bxc2+ 53. Kxc2 Kd4 0-1

[Event "USCL Miami vs Carolina"]
[Site "Chess.com"]
[Date "2013.08.27"]
[Round "1"]
[White "Arencibia, Tony"]
[Black "Mu, Joshua"]
[Result "1-0"]
[WhiteElo "2219"]
[BlackElo "2270"]
[PlyCount "125"]
[EventDate "2013.??.??"]
[EventCountry "USA"]

{Board 3, NM Arencibia (Miami Sharks) vs NM Mu (Carolina Cobras)  Time Control:
Game in 75 with 30 second increment} 1. e4 Nf6 2. e5 Nd5 3. d4 d6 4. Nf3 dxe5
5. Nxe5 c6 6. Bd3 Nd7 7. Nxd7 Bxd7 8. O-O e6 9. c4 Nb6 10. Qg4 h5 11. Qf4 c5
12. d5 exd5 13. cxd5 Qe7 14. Nc3 O-O-O 15. Bd2 f6 16. Rfe1 Qf7 17. Qf3 Bg4 18.
Bf5+ Bxf5 19. Qxf5+ Qd7 20. Re6 Bd6 21. Rae1 Be5 22. Ne4 Kb8 23. Bf4 Qxd5 24.
Nc3 Qc4 25. Bxe5+ fxe5 26. Qxe5+ Ka8 27. Re7 Nd5 28. Qe6 Nb6 29. Qg6 Nd5 30.
Qf7 Nb6 31. Qxg7 Nc8 32. R7e4 Qa6 33. Qg5 Qc6 34. Re6 Rde8 35. Rxe8 Rxe8 36.
Rd1 Qe6 37. h3 c4 38. Qxh5 Rg8 39. Nd5 Qe4 40. Ne3 Ne7 41. Qf7 Rc8 42. Qg7 a6
43. Qd4 Qe6 44. Qd7 Qe5 45. Nd5 Qxb2 46. Nxe7 Rf8 47. Qd2 Qa3 48. Nd5 b5 49.
Nc7+ Kb7 50. Ne6 Rc8 51. Qd7+ Kb8 52. Qd2 Qe7 53. Qd6+ Qxd6 54. Rxd6 c3 55. Rd1
Rc4 56. Rc1 b4 57. g3 a5 58. Nf4 a4 59. Nd5 b3 60. axb3 axb3 61. Rxc3 b2 62.
Rb3+ Kc8 63. Nb6+ 1-0

[Event "USCL Dallas vs St. Louis"]
[Site "Chess.com"]
[Date "2013.08.27"]
[Round "1"]
[White "Bykhovsky, Anatoly"]
[Black "Chirila, Christian"]
[Result "1-0"]
[WhiteElo "2625"]
[BlackElo "2600"]
[PlyCount "75"]
[EventDate "2013.??.??"]
[EventCountry "USA"]

{Board 2, GM Bykhovsky (St. Louis Arch Bishops) vs GM Chrila (Dallas Destiny) 
Time Control: Game in 75 with 30 second increment} 1. c4 Nf6 2. Nc3 d5 3. cxd5
Nxd5 4. Nf3 g6 5. d3 Bg7 6. Bd2 O-O 7. g3 c5 8. Bg2 Nc6 9. h4 Bg4 10. Rc1 Rc8
11. Qa4 h5 12. Nxd5 Qxd5 13. O-O Qd6 14. Bc3 Bh6 15. Rcd1 Bd7 16. Qb3 b5 17. e3
a6 18. Nd2 Be6 19. Qc2 Nd4 20. Qb1 Ne2+ 21. Kh2 Nxc3 22. bxc3 Bg7 23. Ne4 Qb6
24. d4 cxd4 25. cxd4 Rfd8 26. Rc1 Bc4 27. Rfd1 e5 28. d5 Bf8 29. Qb2 Bd6 30. f4
Qxe3 31. Nxd6 Rxd6 32. fxe5 Rdd8 33. Re1 Qc5 34. e6 Qe7 35. exf7+ Qxf7 36. Bh3
Qxd5 37. Bxc8 Rxc8 38. Re7 1-0

[Event "USCL Dallas vs St. Louis"]
[Site "Chess.com"]
[Date "2013.08.27"]
[Round "1"]
[White "Wilkins, Jacob"]
[Black "Guenther, Travis"]
[Result "1/2-1/2"]
[WhiteElo "1909"]
[BlackElo "1963"]
[PlyCount "96"]
[EventDate "2013.??.??"]
[EventCountry "USA"]

{Board 4, Wilkins (St. Louis Arch Bishops) vs. Guenther (Dallas Destiny)  Time
Control: Game in 75 with 30 second increment} 1. d4 g6 2. Nf3 Bg7 3. g3 d6 4.
Bg2 c5 5. O-O cxd4 6. Nxd4 Qb6 7. Nb3 Nf6 8. h3 Nc6 9. e4 O-O 10. Be3 Qc7 11.
c3 Ne5 12. Na3 Bd7 13. Qe2 Be6 14. Nd4 Bc4 15. Nxc4 Qxc4 16. Qd2 Rac8 17. f4
Nd3 18. Rad1 Nc5 19. b3 Qa6 20. Qc2 e5 21. Ne2 Ncxe4 22. Bxe4 Nxe4 23. Qxe4
Qxe2 24. Rd2 Qa6 25. c4 exf4 26. Bxf4 Rce8 27. Qd5 Be5 28. Bh6 Qb6+ 29. Kg2 Bg7
30. Bxg7 Kxg7 31. Rdf2 Re7 32. Rd1 Re6 33. Qf3 Qc6 34. Rd5 f5 35. Qc3+ Kg8 36.
Qf3 Ref6 37. Rfd2 R8f7 38. Qf4 Re7 39. h4 Rfe6 40. Kh3 Qb6 41. Qd4 Qxd4 42.
R5xd4 Kf7 43. Rxd6 Rxd6 44. Rxd6 Re6 45. Rd7+ Re7 46. Rd6 Re6 47. Rd7+ Re7 48.
Rd6 Re6 1/2-1/2

[Event "USCL Dallas vs St. Louis"]
[Site "Chess.com"]
[Date "2013.08.27"]
[Round "1"]
[White "Xiong, Jeffery"]
[Black "Kavutskiy, Konstantin"]
[Result "1-0"]
[WhiteElo "2485"]
[BlackElo "2363"]
[PlyCount "107"]
[EventDate "2013.??.??"]
[EventCountry "USA"]

{Board 3, FM Xiong (Dallas Destiny) vs FM Kavutskiy (St. Louis Arch Bishops) 
Time Control: Game in 75 with 30 second increment} 1. c4 Nf6 2. Nc3 e5 3. g3
Bb4 4. Bg2 O-O 5. Na4 Re8 6. Nf3 e4 7. Nd4 Nc6 8. Nc2 Bf8 9. Nc3 d5 10. cxd5
Nb4 11. Ne3 Bc5 12. O-O Bxe3 13. fxe3 Nbxd5 14. Nxd5 Qxd5 15. b3 Qh5 16. Bb2
Bg4 17. Rf2 Nd5 18. Qf1 Rad8 19. Rc1 f6 20. Rc4 Nb6 21. Rc2 c6 22. Bd4 Qg6 23.
Qc1 h5 24. Kh1 h4 25. gxh4 Qh5 26. Qg1 Qxh4 27. Bf1 Rd5 28. Rc5 Qh5 29. Rxd5
Nxd5 30. Qg3 Re7 31. Bxa7 b6 32. Bb8 c5 33. a4 Be6 34. Bd6 Rd7 35. a5 bxa5 36.
Bxc5 Rb7 37. Qd6 Qf7 38. Bg2 Rxb3 39. Bxe4 g6 40. Rf1 f5 41. Qd8+ Kg7 42. Bxd5
Bxd5+ 43. Kg1 Rb4 44. Rf4 Rxf4 45. exf4 Qb7 46. Qf8+ Kh7 47. Bd4 g5 48. Qh8+
Kg6 49. Qf6+ Kh7 50. Qxf5+ Kg8 51. Qxg5+ Kh7 52. Qh5+ Kg8 53. Qg6+ Kf8 54. Bc5+
1-0

[Event "USCL San Francisco vs Los Angeles"]
[Site "Chess.com"]
[Date "2013.08.27"]
[Round "1"]
[White "Bhat, Vinay"]
[Black "Matikozyan, Andranik"]
[Result "1/2-1/2"]
[WhiteElo "2555"]
[BlackElo "2577"]
[PlyCount "58"]
[EventDate "2013.??.??"]
[EventCountry "USA"]

{Board 1, GM Bhat (San Francisco Mechanics) vs. IM Matikozyan (Los Angeles
Vibe)  Time Control: Game in 75 with 30 second increment} 1. d4 Nf6 2. c4 g6 3.
Nc3 Bg7 4. e4 d6 5. Nf3 O-O 6. Be2 e5 7. O-O Na6 8. Be3 Ng4 9. Bg5 Qe8 10. Re1
h6 11. Bh4 c6 12. dxe5 dxe5 13. Bg3 h5 14. a3 f6 15. b4 Nc7 16. Qc2 Nh6 17. h3
Nf7 18. Rad1 Ne6 19. c5 Bh6 20. Bc4 Kg7 21. Ne2 Qe7 22. Nd2 Bd7 23. Nb3 Rad8
24. Na5 Bc8 25. Ba2 Rxd1 26. Rxd1 Rd8 27. Nc4 Nc7 28. Na5 Ne6 29. Nc4 Nc7
1/2-1/2

[Event "USCL San Francisco vs Los Angeles"]
[Site "Chess.com"]
[Date "2013.08.28"]
[Round "1"]
[White "Korba, Nicky"]
[Black "Banik, Siddharth"]
[Result "0-1"]
[WhiteElo "2160"]
[BlackElo "2192"]
[PlyCount "58"]
[EventDate "2013.??.??"]
[EventCountry "USA"]

{Board 4, Korba (Los Angeles Vibe) vs. Banik (San Francisco Mechanics)  Time
Control: Game in 75 with 30 second increment} 1. e4 c5 2. Nf3 d6 3. d4 cxd4 4.
Nxd4 Nf6 5. Nc3 a6 6. h3 e6 7. g4 Be7 8. Bg2 Nfd7 9. Be3 Nc6 10. Qe2 O-O 11.
O-O-O Nxd4 12. Bxd4 Rb8 13. e5 d5 14. f4 b5 15. Qe3 Nb6 16. h4 Nc4 17. Qg3 Qa5
18. Kb1 Bd7 19. f5 b4 20. Ne2 Rfc8 21. Nc1 Qc7 22. Nd3 Ba4 23. Ne1 Bc5 24. Bxc5
Qxc5 25. f6 Na3+ 26. Ka1 Nxc2+ 27. Nxc2 Bxc2 28. Rdf1 b3 29. Qf2 Qa3 $1 {Move
of the week (1) winner.} 0-1

[Event "USCL San Francisco vs Los Angeles"]
[Site "Chess.com"]
[Date "2013.08.28"]
[Round "1"]
[White "Liou, Yian"]
[Black "Harmon-Vellotti, Luke"]
[Result "1/2-1/2"]
[WhiteElo "2491"]
[BlackElo "2491"]
[PlyCount "102"]
[EventDate "2013.??.??"]
[EventCountry "USA"]

{Board 3, FM Liou (San Francisco Mechanics) vs. FM Harmon-Vellotti (Los
Angeles Vibe)  Time Control: Game in 75 with 30 second increment} 1. e4 e6 2.
d3 d5 3. Qe2 dxe4 4. dxe4 c5 5. Nf3 Nc6 6. c3 g6 7. Bg5 Qc7 8. g3 Bg7 9. Bg2
Nge7 10. O-O O-O 11. Na3 a6 12. Qe3 b6 13. Rfe1 Bb7 14. Bh6 e5 15. Rad1 Rad8
16. Bxg7 Kxg7 17. h4 f6 18. Bh3 Nb8 19. Nd2 Bc8 20. Bxc8 Qxc8 21. Qe2 b5 22.
Nf1 c4 23. Nc2 Nd7 24. Rd2 Nc5 25. Red1 Rxd2 26. Rxd2 Rd8 27. Qe3 Rd3 28. Rxd3
Nxd3 29. b3 Qc5 30. Qd2 Nc8 31. bxc4 bxc4 32. Ne1 Nxe1 33. Qxe1 Nd6 34. Qe2 a5
35. Qg4 Qc8 36. Qe2 Qc6 37. f3 h5 38. Qe3 Nb5 39. a4 Nd6 40. Qa7+ Nb7 41. Ne3
Kh6 42. Qa8 Kg7 43. Kg2 Qb6 44. Nxc4 Qb1 45. Qc8 Qc2+ 46. Kh3 Qd1 47. Qxb7+ Kh6
48. Qb2 Qh1+ 49. Qh2 Qf1+ 50. Qg2 Qxc4 51. Qd2+ Kh7 1/2-1/2

[Event "USCL Seattle vs Arizona"]
[Site "Chess.com"]
[Date "2013.08.28"]
[Round "1"]
[White "Cozianu, Costin"]
[Black "Molner, Mackenzie"]
[Result "1/2-1/2"]
[WhiteElo "2478"]
[BlackElo "2592"]
[PlyCount "115"]
[EventDate "2013.??.??"]
[EventCountry "USA"]

{Board 1, FM Cozianu (Seattle Sluggers) vs. IM Molner (Arizona Scorpions) 
Time Control: Game in 75 with 30 second increment} 1. e4 e5 2. Nf3 Nc6 3. Bb5
a6 4. Ba4 Nf6 5. O-O Be7 6. Bxc6 dxc6 7. Qe1 Nd7 8. b3 O-O 9. Bb2 Bd6 10. d3
Re8 11. Nbd2 b5 12. Qe3 Nf8 13. a4 Qe7 14. Rfe1 Bd7 15. Nf1 Ng6 16. Ng3 Bc5 17.
d4 Bb6 18. Qc3 exd4 19. Nxd4 Qe5 20. Ndf5 Qxc3 21. Bxc3 f6 22. Nh5 Bxf5 23.
exf5 Ne7 24. Bxf6 Nxf5 25. Bb2 Nd4 26. Kf1 Rf8 27. Re7 Rxf2+ 28. Kxf2 Nf5+ 29.
Kf3 Nxe7 30. Bxg7 Nf5 31. Be5 Kf7 32. Rd1 Re8 33. Kf4 Nd6 34. Ng3 Be3+ 35. Kxe3
Rxe5+ 36. Kd2 bxa4 37. Rf1+ Ke6 38. bxa4 Nc4+ 39. Kc3 Ne3 40. Rf8 Nxg2 41. Rh8
Ne3 42. Rxh7 Nd5+ 43. Kd4 c5+ 44. Kc4 Nb6+ 45. Kd3 c4+ 46. Kd4 c5+ 47. Kc3
Nxa4+ 48. Kxc4 Nb6+ 49. Kd3 Kd5 50. Ra7 a5 51. Ne2 Rf5 52. c4+ Kc6 53. Rxa5
Rf3+ 54. Ke4 Rh3 55. Ra2 Nxc4 56. Nf4 Re3+ 57. Kf5 Nd6+ 58. Kg4 1/2-1/2

[Event "USCL Seattle vs Arizona"]
[Site "Chess.com"]
[Date "2013.08.28"]
[Round "1"]
[White "Altounian, Levon"]
[Black "Sang, Tian"]
[Result "1-0"]
[WhiteElo "2513"]
[BlackElo "2324"]
[PlyCount "143"]
[EventDate "2013.??.??"]
[EventCountry "USA"]

{Board 2, IM Altounian (Arizona Scorpions) vs. FM Sang (Seattle Sluggers) 
Time Control: Game in 75 with 30 second increment} 1. Nf3 e6 2. g3 d5 3. Bg2
Bd6 4. O-O e5 5. c4 dxc4 6. Qa4+ Nd7 7. Na3 Ngf6 8. Nxc4 O-O 9. d4 e4 10. Nfd2
Re8 11. Qc2 Qe7 12. Nxd6 cxd6 13. Nc4 d5 14. Ne3 Nb6 15. Bd2 Ng4 16. Qc5 Nxe3
17. Bxe3 Bg4 18. Rfe1 Rac8 19. Qxe7 Rxe7 20. h3 Bf5 21. g4 Be6 22. Bf4 Rc2 23.
b3 Re8 24. Rec1 Rec8 25. Kf1 f5 26. g5 Bf7 27. Ke1 Kf8 28. Kd1 Rxc1+ 29. Rxc1
Rxc1+ 30. Kxc1 Ke7 31. Be5 g6 32. f4 Be8 33. a4 Nxa4 34. bxa4 Bxa4 35. e3 Bb5
36. h4 Kd7 37. Bh3 Ke6 38. Kb2 Be2 39. Kc3 a5 40. Bc7 a4 41. Kb4 b5 42. Bb6 Bd3
43. Bc5 Be2 44. Ka5 Kd7 45. h5 Ke6 46. h6 Bc4 47. Kb6 Be2 48. Kc7 b4 49. Bxb4
Bb5 50. Kb6 Be2 51. Ka5 Bd3 52. Kxa4 Bc4 53. Ka5 Be2 54. Kb6 Bd3 55. Kc6 Bc4
56. Bc5 Ba6 57. Kb6 Bc4 58. Ka5 Bd3 59. Kb4 Ba6 60. Kc3 Bc4 61. Kd2 Bd3 62. Ke1
Bc4 63. Bf1 Bxf1 64. Kxf1 Kd7 65. Ke2 Kc6 66. Kd2 Kb5 67. Kc3 Ka5 68. Kb3 Kb5
69. Bb4 Ka6 70. Ka4 Kb6 71. Ba3 Kc6 72. Ka5 1-0

[Event "USCL San Francisco vs Los Angeles"]
[Site "Chess.com"]
[Date "2013.08.28"]
[Round "1"]
[White "Amanov, Zhanibek"]
[Black "Naroditsky, Daniel"]
[Result "0-1"]
[WhiteElo "2431"]
[BlackElo "2570"]
[PlyCount "92"]
[EventDate "2013.??.??"]
[EventCountry "USA"]

{Board2, IM Amanov (Los Angeles Vibe) vs. IM Naroditsky (San Francisco
Mechanics)  Time Control: Game in 75 with 30 second increment} 1. e4 c5 2. Nf3
d6 3. d4 cxd4 4. Nxd4 Nf6 5. Nc3 a6 6. h3 e5 7. Nde2 h5 8. Bg5 Be6 9. Bxf6 Qxf6
10. Nd5 Qd8 11. Nec3 g6 12. Bc4 Bh6 13. Bb3 Nd7 14. a4 O-O 15. O-O Rc8 16. Qe2
Kg7 17. Rad1 Qg5 18. Kh2 Qh4 19. f3 Qd8 20. Qf2 h4 21. Kh1 Nc5 22. Ba2 Bxd5 23.
Bxd5 Qg5 24. Bb3 Rfd8 25. Rd5 Ne6 26. Ne2 Qe7 27. Rfd1 Rc5 28. R5d3 Rc6 29. Rd5
Nc7 30. R5d3 Ne6 31. Kg1 Nc5 32. Rc3 b5 33. Bd5 Rcc8 34. axb5 axb5 35. Kf1 Na4
36. Rxc8 Rxc8 37. b3 Nc3 38. Nxc3 Rxc3 39. b4 Be3 40. Qe2 Qg5 41. Rd3 Rxd3 42.
Qxd3 Bd4 43. c3 Qc1+ 44. Ke2 Bxc3 45. Qd1 Qb2+ 46. Kd3 Bxb4 0-1

[Event "USCL Seattle vs Arizona"]
[Site "Chess.com"]
[Date "2013.08.28"]
[Round "1"]
[White "Collyer, Curt"]
[Black "Atoufi, Pedram"]
[Result "1-0"]
[WhiteElo "2266"]
[BlackElo "2366"]
[PlyCount "175"]
[EventDate "2013.??.??"]
[EventCountry "USA"]

{Board 3, FM Collyer (Seattle Sluggers) vs. FM Atoufi (Arizona Scorpions)  
Time Control: Game in 75 with 30 second increment} 1. d4 Nf6 2. Nc3 c5 3. d5 g6
4. e4 d6 5. Bg5 Bg7 6. f3 O-O 7. Qd2 a6 8. a4 e6 9. Bc4 e5 10. Nge2 Qe8 11. O-O
Nfd7 12. Ng3 h5 13. Bd3 Kh7 14. Qe2 b6 15. Rae1 Ra7 16. Bd2 Qe7 17. Nd1 Nf6 18.
Bg5 Qe8 19. b3 Ng8 20. Nb2 Bh6 21. Bxh6 Nxh6 22. Qd2 Nd7 23. h3 Qe7 24. Nc4 h4
25. Nh1 g5 26. Nf2 Rb7 27. Ng4 Rg8 28. Nce3 Nb8 29. Qe2 Ra7 30. Nc4 Nd7 31.
Nge3 b5 32. Na5 Rc7 33. axb5 axb5 34. Bxb5 Nf6 35. Nc6 Qf8 36. Ng4 Nh5 37. Qd2
f5 38. exf5 Nxf5 39. Bd3 Kh8 40. Ra1 Nfg3 41. Rfe1 Nf4 42. Ra8 Nxd5 43. Bc4 Nb6
44. Bxg8 Nxa8 45. Bd5 Nb6 46. Na5 Nxd5 47. Qxd5 Bxg4 48. hxg4 Rh7 49. Nc4 Rh6
50. Ra1 Ne2+ 51. Kf2 Nf4 52. Qa8 Qxa8 53. Rxa8+ Kg7 54. Ne3 Re6 55. Nf5+ Kf7
56. Ra7+ Kf6 57. Rd7 d5 58. Rc7 d4 59. Rxc5 d3 60. Rc8 dxc2 61. Rxc2 Rb6 62.
Rc3 Ra6 63. Ne3 Ra2+ 64. Rc2 Ra3 65. Rc6+ Kf7 66. Rc3 Ra2+ 67. Rc2 Ra3 68. Rc3
Ra2+ 69. Rc2 Ra3 70. Nc4 Nd3+ 71. Ke3 Rxb3 72. Ke4 Ke6 73. Ne3 Nf4 74. Rc6+ Kf7
75. Rc2 Ke6 76. Rc6+ Kf7 77. Rc5 Kf6 78. Rc6+ Kf7 79. Ra6 Rb2 80. Kf5 Re2 81.
Nc4 Nxg2 82. Ra7+ Kg8 83. Nxe5 h3 84. Ng6 h2 85. Ra8+ Kg7 86. Ra7+ Kg8 87. Kf6
Re8 88. Rg7# 1-0

[Event "USCL New Jersey vs New York"]
[Site "Chess.com"]
[Date "2013.08.28"]
[Round "1"]
[White "Krush, Irina"]
[Black "Gulko, Boris"]
[Result "1/2-1/2"]
[WhiteElo "2531"]
[BlackElo "2591"]
[PlyCount "69"]
[EventDate "2013.??.??"]
[EventCountry "USA"]

{Board 2, IM Krush (New York Knights) vs GM Gulko (New Jersey Knockouts)  Time
Control: Game in 75 with 30 second increment} 1. d4 e6 2. c4 Bb4+ 3. Bd2 a5 4.
Nc3 d6 5. e3 e5 6. Bd3 Nf6 7. Nge2 O-O 8. O-O Nc6 9. a3 Bxc3 10. bxc3 Qe7 11.
Ng3 Bd7 12. Qb1 Rfe8 13. d5 Nd8 14. e4 b6 15. h3 Nb7 16. f4 exf4 17. Bxf4 Nc5
18. Re1 h6 19. e5 dxe5 20. Bxe5 Qxe5 21. Rxe5 Rxe5 22. Bf5 Rae8 23. Bxd7 Nfxd7
24. Qb5 Rg5 25. Nh1 Re2 26. Nf2 Nf6 27. h4 Rg3 28. Kf1 Rc2 29. Qc6 Rgxc3 30.
Qxc7 Rxc4 31. Qc8+ Kh7 32. Qf5+ Kg8 33. Qc8+ Kh7 34. Qf5+ Kg8 35. Qc8+ 1/2-1/2

[Event "USCL New Jersey vs New York"]
[Site "Chess.com"]
[Date "2013.08.28"]
[Round "1"]
[White "Katz, Alexander"]
[Black "King, Alex"]
[Result "1/2-1/2"]
[WhiteElo "2362"]
[BlackElo "2297"]
[PlyCount "64"]
[EventDate "2013.??.??"]
[EventCountry "USA"]

{Board 3, NM Katz (New Jersey Knockouts) vs NM King (New York Knights)  Time
Control: Game in 75 with 30 second increment} 1. e4 c5 2. d4 cxd4 3. c3 Nf6 4.
e5 Nd5 5. Nf3 e6 6. cxd4 d6 7. Bc4 Nc6 8. O-O Nb6 9. Bd3 dxe5 10. dxe5 Nb4 11.
Be4 Qxd1 12. Rxd1 N4d5 13. Bd2 Bd7 14. Nc3 Bc6 15. Nd4 Be7 16. Rac1 O-O 17.
Nxc6 bxc6 18. Nxd5 cxd5 19. Bd3 Na4 20. Rc2 Rfc8 21. Rdc1 Nb6 22. Ba6 Rxc2 23.
Rxc2 Rd8 24. Ba5 Rd7 25. Bb5 Rb7 26. Ba6 Rd7 27. Bb5 Rb7 28. b4 g5 29. Ba6 Rd7
30. Bb5 Rb7 31. Ba6 Rd7 32. Bb5 Rb7 1/2-1/2

[Event "USCL Manhattan vs Philadelphia"]
[Site "Chess.com"]
[Date "2013.08.28"]
[Round "1"]
[White "Izoria, Zviad"]
[Black "Bartell, Tom"]
[Result "1-0"]
[WhiteElo "2624"]
[BlackElo "2496"]
[PlyCount "77"]
[EventDate "2013.??.??"]
[EventCountry "USA"]

{Board 1, GM Izoria (Manhattan Applesauce) vs FM Bartell (Philadelphia
Inventors)  Time Control: Game in 75 with 30 second increment} 1. e4 c6 2. d3
d5 3. Nd2 e5 4. Ngf3 Bd6 5. d4 exd4 6. exd5 Nf6 7. dxc6 Nxc6 8. Be2 O-O 9. O-O
Bf5 10. Nb3 Qc7 11. Bg5 Ne4 12. Bh4 Nc5 13. Nxc5 Bxc5 14. a3 h6 15. Bg3 Bd6 16.
Qd2 Bxg3 17. hxg3 Rad8 18. Rfe1 Qb6 19. b4 a5 20. b5 d3 21. cxd3 Qxb5 22. Reb1
Qa6 23. d4 Qa7 24. Rb5 Be4 25. d5 Rd7 26. Rd1 Rfd8 27. Bc4 a4 28. Qf4 Bxf3 29.
gxf3 Na5 30. Bd3 Nb3 31. d6 Nd4 32. Rd5 Ne6 33. Qb4 Rc8 34. Kg2 b6 35. Qe4 g6
36. Qe3 Kg7 37. Qe5+ Kh7 38. Rh1 Rc5 39. Rxh6+ 1-0

[Event "USCL Connecticut vs Baltimore"]
[Site "Chess.com"]
[Date "2013.08.28"]
[Round "1"]
[White "Bonin, Jay"]
[Black "Defibaugh, Jared"]
[Result "1-0"]
[WhiteElo "2436"]
[BlackElo "2297"]
[PlyCount "81"]
[EventDate "2013.??.??"]
[EventCountry "USA"]

{Board 3, IM Bonin (Connecticut Dreadnoughts) vs. NM Defibaugh (Baltimore
Kingfishers)  Time Control: Game in 75 with 30 second increment} 1. d4 Nf6 2.
Nf3 g6 3. c4 Bg7 4. Nc3 d5 5. cxd5 Nxd5 6. e4 Nxc3 7. bxc3 c5 8. Bb5+ Nc6 9.
O-O O-O 10. Bxc6 bxc6 11. Ba3 Qa5 12. Bxc5 Qxc3 13. Re1 Re8 14. Qa4 Bg4 15.
Rac1 Qd3 16. Qc4 Qxc4 17. Rxc4 e5 18. Nxe5 Bxe5 19. dxe5 Rxe5 20. f4 Ree8 21.
Re3 Be6 22. Ra4 Red8 23. h3 Rd2 24. a3 a6 25. f5 Ba2 26. Rb4 Rc2 27. Be7 Re8
28. Rb7 c5 29. h4 Kg7 30. h5 c4 31. e5 c3 32. Bf6+ Kg8 33. hxg6 fxg6 34. Rg7+
Kf8 35. e6 Rc1+ 36. Kh2 c2 37. Rc3 Bxe6 38. fxe6 Rxe6 39. Rc8+ Re8 40. Rcc7
Ree1 41. Rgd7 1-0

[Event "USCL Manhattan vs Philadelphia"]
[Site "Chess.com"]
[Date "2013.08.28"]
[Round "1"]
[White "Gorman, Dov"]
[Black "Schneider, Dmitry"]
[Result "1/2-1/2"]
[WhiteElo "2362"]
[BlackElo "2516"]
[PlyCount "136"]
[EventDate "2013.??.??"]
[EventCountry "USA"]

{Board 2, FM Gorman (Philadelphia Inventors) vs IM Schneider (Manhattan
Applesauce)  Time Control: Game in 75 with 30 second increment} 1. e4 e5 2. Nf3
Nc6 3. d4 exd4 4. Nxd4 Nf6 5. Nc3 Bb4 6. Nxc6 bxc6 7. Bd3 d5 8. exd5 cxd5 9.
O-O O-O 10. Bg5 c6 11. Qf3 Bd6 12. h3 Rb8 13. Rab1 h6 14. Bf4 Rb4 15. Bxd6 Qxd6
16. Rfe1 Be6 17. a3 Rbb8 18. b4 c5 19. Nb5 Qb6 20. bxc5 Qxc5 21. Qe3 Qxe3 22.
fxe3 a5 23. Nd4 Bd7 24. Kf2 Rfc8 25. Ke2 Kf8 26. Kd2 h5 27. Rb3 Ba4 28. Rc3
Rxc3 29. Kxc3 Rc8+ 30. Kd2 Rb8 31. e4 dxe4 32. Bxe4 Rd8 33. c3 Nxe4+ 34. Rxe4
Bc6 35. Re5 Bxg2 36. Rxh5 Rd5 37. Rh8+ Ke7 38. h4 Kf6 39. h5 Be4 40. Ke3 Re5
41. Kf4 Bd5 42. h6 g5+ 43. Kg4 Re4+ 44. Kg3 Re3+ 45. Kg4 Re4+ 46. Kg3 Rh4 47.
Rd8 Be4 48. Rd6+ Ke7 49. Ra6 f6 50. Ra7+ Kd6 51. Ra6+ Ke7 52. Ra7+ Ke8 53. Rxa5
Rxh6 54. Ra7 Rh7 55. Rxh7 Bxh7 56. Kg4 Ke7 57. a4 Bd3 58. a5 Kd6 59. a6 Bxa6
60. Kf5 Bc8+ 61. Kxf6 g4 62. Ne2 Kd5 63. Kg5 Ke4 64. Kh4 Kd3 65. Nf4+ Kxc3 66.
Nd5+ Kd4 67. Nf6 Ke5 68. Nxg4+ Bxg4 1/2-1/2

[Event "USCL Connecticut vs Baltimore"]
[Site "Chess.com"]
[Date "2013.08.28"]
[Round "1"]
[White "Enkhbat, Tegshsuren"]
[Black "Rohde, Michael"]
[Result "0-1"]
[WhiteElo "2492"]
[BlackElo "2548"]
[PlyCount "72"]
[EventDate "2013.??.??"]
[EventCountry "USA"]

{Board 2, IM Enkhbat (Baltimore Kingfishers) vs. GM Rohde (Connecticut
Dreadnoughts)  Time Control: Game in 75 with 30 second increment} 1. d4 Nf6 2.
c4 e6 3. Nf3 Bb4+ 4. Bd2 c5 5. Bxb4 cxb4 6. g3 O-O 7. Bg2 d6 8. Nbd2 Re8 9. Nf1
a5 10. Ne3 Na6 11. O-O Rb8 12. Qd2 b6 13. Rad1 Bd7 14. Nh4 b5 15. cxb5 Bxb5 16.
d5 Nc5 17. Rfe1 e5 18. Nef5 Nce4 19. Bxe4 Nxe4 20. Qe3 Nc5 21. Rc1 Nb7 22. Red1
Bd7 23. Rc6 Qf6 24. g4 e4 25. Rc7 Nc5 26. Rc1 Bxf5 27. Nxf5 Na4 28. R1c6 Rbd8
29. Qg3 Qxb2 30. Nxd6 Rf8 31. Rxf7 Rxf7 32. Nxf7 Rf8 33. Qd6 Qxe2 34. Qe6 Qd1+
35. Kg2 Qf3+ 36. Kg1 Qxf7 0-1